Office markets 2008 (Record no. 107963)
[ view plain ]
| 000 -LEADER | |
|---|---|
| fixed length control field | 01138cad a22002175a 4500 |
| 001 - CONTROL NUMBER | |
| control field | L142774 |
| 008 - FIXED-LENGTH DATA ELEMENTS--GENERAL INFORMATION | |
| fixed length control field | 080307s2008 xxkad f s 000 0 eng d |
| 035 ## - SYSTEM CONTROL NUMBER | |
| System control number | (Sirsi) u142774 |
| 041 0# - LANGUAGE CODE | |
| Language code of text/sound track or separate title | eng |
| 050 04 - LIBRARY OF CONGRESS CALL NUMBER | |
| Classification number | 333.33 $2 18 |
| 110 2# - MAIN ENTRY--CORPORATE NAME | |
| Corporate name or jurisdiction name as entry element | King Sturge |
| 9 (RLIN) | 3877 |
| 245 00 - TITLE STATEMENT | |
| Title | Office markets 2008 |
| Medium | [electronic resource] |
| 260 ## - PUBLICATION, DISTRIBUTION, ETC. | |
| Place of publication, distribution, etc. | London |
| Name of publisher, distributor, etc. | King Sturge |
| Date of publication, distribution, etc. | 2008 |
| 505 2# - FORMATTED CONTENTS NOTE | |
| Formatted contents note | Introduction -- Market activity --Outlook -- Sustainability -- Office market overviews |
| 520 ## - SUMMARY, ETC. | |
| Summary, etc. | Finds that supply is limited for Grade A space, especially in city centres. Prospects for regional markets are improving, with many cities expecting new buildings in 2008. Demand rose in 15 out of 25 locations compared to the previous year. The amount of floorspace acquired rose 46% since 2007, except in the public sector which saw a fall from 20% to 16%. Reports that enquiries were down by 9%. |
| 650 24 - SUBJECT ADDED ENTRY--TOPICAL TERM | |
| Topical term or geographic name entry element | KING STURGE OFFICE MARKETS |
| 651 #4 - SUBJECT ADDED ENTRY--GEOGRAPHIC NAME | |
| Geographic name | United Kingdom |
| Chronological subdivision | |
| 690 ## - LOCAL SUBJECT ADDED ENTRY--TOPICAL TERM (OCLC, RLIN) | |
| Topical term or geographic name as entry element | PROPERTY-COMMERCIAL PROPERTY-COMMERCIAL PROPERTY MARKET |
| 856 41 - ELECTRONIC LOCATION AND ACCESS | |
| Uniform Resource Identifier | <a href="https://www.kingsturge.com/property">https://www.kingsturge.com/property</a> |
| Public note | View this report free of charge at www.kingsturge.com? |
| 942 ## - ADDED ENTRY ELEMENTS (KOHA) | |
| Suppress in OPAC | 0 |
| Withdrawn status | Lost status | Source of classification or shelving scheme | Damaged status | Not for loan | Home library | Current library | Shelving location | Date acquired | Total Checkouts | Full call number | Barcode | Date last seen | Copy number | Price effective from | Koha item type |
|---|---|---|---|---|---|---|---|---|---|---|---|---|---|---|---|
| Dewey Decimal Classification | Virtual | Virtual | Online | 07/03/2008 | ONLINE PUBLICATION | 142774-1001 | 06/08/2019 | 1 | 06/08/2019 | Book |